Southern U.S. Cities that Have Lost the Most People - Statistics

General Stats
  • This quiz has been taken 199 times
    73 since last reset
  • The average score is 26 of 50
Answers on the Map
Answers color-coded by a green-red scale on the quiz's map according to % correct below.
 
Answer Stats
Loss % Peak State City % Correct
-264,824 42.2% 1960 LA New Orleans
98%
-144,530 42.4% 1960 AL Birmingham
91%
-61,446 30.3% 1980 MS Jackson
91%
-39,181 6.0% 2000 TN Memphis
91%
-381,437 40.2% 1950 MD Baltimore
87%
-30,411 14.7% 1980 LA Shreveport
87%
-76,846 25.0% 1970 VA Norfolk
85%
-99,928 12.5% 1950 -- Washington
85%
-39,314 45.8% 1960 WV Charleston
83%
-13,637 20.3% 1960 TX Galveston
83%
-9,946 4.8% 2010 AL Montgomery
83%
-39,328 35.0% 1940 DE Wilmington
81%
-15,966 6.4% 1970 VA Richmond
79%
-35,599 57.7% 1930 WV Wheeling
79%
-18,211 40.3% 1990 MS Greenville
70%
-41,411 48.0% 1950 WV Huntington
68%
-9,111 31.3% 1960 MS Vicksburg
68%
-17,252 55.6% 1950 KY Newport
64%
-13,037 13.5% 1980 FL Miami Beach
60%
-9,558 40.2% 1960 MS Natchez
55%
-8,841 6.0% 2000 VA Hampton
53%
-10,975 19.1% 1980 LA Monroe
53%
-23,641 36.2% 1930 KY Covington
51%
-15,825 32.1% 1960 MS Meridian
51%
-10,877 16.3% 1960 TX Port Arthur
51%
-18,291 15.9% 1960 VA Portsmouth
51%
-15,963 35.6% 1960 WV Parkersburg
49%
-18,604 32.4% 1970 AR Pine Bluff
49%
-12,073 42.5% 1960 AL Selma
49%
-20,840 52.8% 1940 MD Cumberland
45%
-11,063 20.9% 1990 VA Danville
43%
-25,002 43.0% 1960 AL Gadsden
43%
-11,417 14.6% 1990 GA Albany
36%
-10,217 32.7% 1960 KY Ashland
34%
-12,193 36.6% 1960 AL Anniston
32%
-16,752 52.3% 1950 WV Clarksburg
32%
-9,884 35.0% 1960 WV Weirton
32%
-12,349 57.4% 1950 WV Bluefield
30%
-28,593 60.4% 1960 AL Prichard
30%
-10,379 25.1% 1960 SC Anderson
28%
-11,283 38.5% 1950 WV Fairmont
23%
-10,381 37.2% 1960 MS Laurel
23%
-8,773 39.2% 1970 MS Greenwood
21%
-12,393 50.1% 1970 AR Blytheville
17%
-11,056 51.6% 1960 LA Bogalusa
15%
-9,691 45.8% 1970 TN Millington
11%
-9,676 100.0% 1920 OK Picher
11%
-9,019 43.1% 1960 TX Borger
6%
-10,679 43.4% 1980 GA College Park
6%
-13,862 85.5% 1920 TX Ranger
4%
No matching quizzes found
Score Distribution
Percent of People with Each Score
Percentile by Number Answered
Your Score History
You have not taken this quiz since the last reset